| 000 | 00641cab a2200241 4500 | ||
|---|---|---|---|
| 001 | ABS60079 | ||
| 008 | 090401t1999 xxu||||| |||| 00| 0 eng d | ||
| 035 | _a(Sirsi) u91478 | ||
| 041 | _aeng | ||
| 100 | _aCannon, J. | ||
| 245 | _aR & M underpins forecasts | ||
| 260 | _c1999 | ||
| 350 | _a0 | ||
| 490 |
_aBuilding Intelligence _vFebruary 1999, 8-9(2) |
||
| 520 | _aProvides an overview of the forecasts for the construction industry in 1999-2000. | ||
| 650 | _aCONSTRUCTION INDUSTRY | ||
| 650 | _aFORECASTS | ||
| 650 | _aGROWTH | ||
| 650 | _aPREDICTIONS | ||
| 690 | _aBUILT ENVIRONMENT | ||
| 942 | _n0 | ||
| 948 | _c19/02/1999 | ||
| 999 |
_c58077 _d58077 |
||